000 00633nam a2200205Ii 4500
001 4501
003 CO-ViMGA
008 241108s9999||||xx |||||||||||||| ||und||
040 _aCO-ViMGA
_bspa
_erda
_cCO-ViMGA
041 0 _aspa
082 0 4 _a591.2 P524i
100 1 _aDirk Pfeifler
_946126
245 1 0 _aInvestigaciones sobre Epidemiología de la Brucelosis Bovina en el Departamento de Córdoba
264 1 _aBogotá, Colombia : ICA, 1988
300 _avolumen
336 _atext
_btxt
_2rdacontent
337 _aunmediated
_bn
_2rdamedia
338 _avolume
_bnc
_2rdacarrier
940 _aidficha_siabuc: 4391. -- ficha_no_siabuc:4501
999 _c40680
_d40680